Normal view
MARC view
- Muhammad Shaheem Raza
Entry Personal Name
001 - CONTROL NUMBER
- control field: 118430
003 - CONTROL NUMBER IDENTIFIER
- control field: NUST
005 - DATE AND TIME OF LATEST TRANSACTION
- control field: 20231009141206.0
008 - FIXED-LENGTH DATA ELEMENTS
- fixed length control field: 231009|| aca||aabn | a|a d
040 ## - CATALOGING SOURCE
- Original cataloging agency: NUST
- Transcribing agency: NUST
100 ## - HEADING--PERSONAL NAME
- Personal name: Muhammad Shaheem Raza
670 ## - SOURCE DATA FOUND
- Source citation: Work cat.: (NUST): Muhammad Shaheem Raza, TH-SOF-2202-Network Traffic Classification using Deep Neural Networks, 2023.
